Практикум по методам защиты атмосферы от вредных выбросов: учебное пособие для вузов

Bibliografiske detaljer
Hovedforfatter: Василевский М. В. Михаил Викторович
Institution som forfatter: Национальный исследовательский Томский политехнический университет (ТПУ)
Andre forfattere: Разва А. С. Александр Сергеевич
Summary:В пособии приведены краткие сведения о методах извлечения вредных дисперсных и газообразных примесей из промышленных газов, анализируются причины отклонений показателей промышленных систем от проектных. Приведены примеры расчетов процессов очистки выбросов в наиболее распространенных механических обеспыливателях и абсорберах. Предназначено для студентов, обучающихся по направлениям техносферная безопасность, энергетика, химия и др. Может быть использовано инженерами и научными работниками, занимающимися вопросами охраны труда и защиты окружающей среды от загрязнений.
Sprog:russisk
Udgivet: Томск, Изд-во ТПУ, 2012
Fag:
Format: Bog
KOHA link:https://koha.lib.tpu.ru/cgi-bin/koha/opac-detail.pl?biblionumber=224348

MARC

LEADER 00000nam0a2200000 4500
001 224348
005 20231031200353.0
035 |a (RuTPU)RU\TPU\book\244652 
090 |a 224348 
100 |a 20121024d2012 m y0rusy50 ca 
101 0 |a rus 
102 |a RU 
105 |a a j 001zy 
200 1 |a Практикум по методам защиты атмосферы от вредных выбросов  |e учебное пособие для вузов  |f М. В. Василевский, А. С. Разва  |g Национальный исследовательский Томский политехнический университет (ТПУ) 
210 |a Томск  |c Изд-во ТПУ  |d 2012 
215 |a 223 с.  |c ил. 
320 |a Библиография в конце глав. 
330 |a В пособии приведены краткие сведения о методах извлечения вредных дисперсных и газообразных примесей из промышленных газов, анализируются причины отклонений показателей промышленных систем от проектных. Приведены примеры расчетов процессов очистки выбросов в наиболее распространенных механических обеспыливателях и абсорберах. Предназначено для студентов, обучающихся по направлениям техносферная безопасность, энергетика, химия и др. Может быть использовано инженерами и научными работниками, занимающимися вопросами охраны труда и защиты окружающей среды от загрязнений. 
452 1 |0 (RuTPU)RU\TPU\book\248763  |t Практикум по методам защиты атмосферы от вредных выбросов  |o учебное пособие  |f М. В. Василевский, А. С. Разва  |g Национальный исследовательский Томский политехнический университет (ТПУ)  |c Томск  |n Изд-во ТПУ  |d 2012  |a Василевский, Михаил Викторович 
606 1 |a Воздух промышленных предприятий  |x Очистка  |2 stltpush  |3 (RuTPU)RU\TPU\subj\3356 
610 1 |a промышленная санитария 
610 1 |a атмосферный воздух 
610 1 |a защита 
610 1 |a вредные выбросы 
610 1 |a газы 
610 1 |a обеспыливание 
610 1 |a промышленные газы 
610 1 |a адсорбционная очистка 
610 1 |a абсорберы 
610 1 |a методы 
610 1 |a контроль 
610 1 |a практикумы 
610 1 |a задачи 
610 1 |a учебные пособия 
610 1 |a труды учёных ТПУ 
675 |a 628.51(076.5)  |v 3 
700 1 |a Василевский  |b М. В.  |c специалист в области экологии и безопасности жизнедеятельности  |c доцент Томского политехнического университета, кандидат технических наук  |f 1940-  |g Михаил Викторович  |2 stltpush  |3 (RuTPU)RU\TPU\pers\26189 
701 1 |a Разва  |b А. С.  |c российский теплотехник  |c инженер Томского политехнического университета  |g Александр Сергеевич  |2 stltpush  |3 (RuTPU)RU\TPU\pers\26188 
712 0 2 |a Национальный исследовательский Томский политехнический университет (ТПУ)  |c (2009- )  |2 stltpush  |3 (RuTPU)RU\TPU\col\15902 
801 1 |a RU  |b 63413507  |c 20121024 
801 2 |a RU  |b 63413507  |c 20150204  |g RCR 
900 |a Методы защиты окружающей среды 
900 |a Методы и приборы контроля окружающей среды и экологический мониторинг 
942 |c BK